000 00419nam a2200157Ia 4500
003 GCL
008 140319s9999 xx 000 0 eng d
040 _aGCL /
_cGCL
082 0 4 _a550
_bS M
100 1 _aSTRAHLER, ALAN H.
245 1 0 _aMODERN PHYSICAL GEOGRAPHY /
_cSTRAHLER, ALAN H.
700 1 _aSTRAHLER, ARTHURN
260 _a[S.N] :
_bJOHN WILEY AND SONS. INC
650 0 4 _aPHYSICAL GEOGRAPHY
942 _2ddc
_cBK
999 _c24360
_d24360